The flowering response of the rice plant to photoperiod : (Record no. 1497)

MARC details
000 -LEADER
fixed length control field 00781nam a22002417a 4500
001 - CONTROL NUMBER
control field BD-DhSAU 1497
003 - CONTROL NUMBER IDENTIFIER
control field BD-DhSAU
005 - DATE AND TIME OF LATEST TRANSACTION
control field 20150115150808.0
008 - FIXED-LENGTH DATA ELEMENTS--GENERAL INFORMATION
fixed length control field 150115b1985 ph |||| |||| 00| 0 eng d
020 ## - INTERNATIONAL STANDARD BOOK NUMBER
International Standard Book Number 9711041510
040 ## - CATALOGING SOURCE
Original cataloging agency BD-DhSAU
082 ## - DEWEY DECIMAL CLASSIFICATION NUMBER
Edition number 22
Classification number 633.1802
Item number FLO
110 ## - MAIN ENTRY--CORPORATE NAME
Corporate name or jurisdiction name as entry element The International Rice Research Institution
245 ## - TITLE STATEMENT
Title The flowering response of the rice plant to photoperiod :
Remainder of title A review of the literature /
Statement of responsibility, etc. The International Rice Research Institution
250 ## - EDITION STATEMENT
Edition statement 4th ed.
260 ## - PUBLICATION, DISTRIBUTION, ETC. (IMPRINT)
Place of publication, distribution, etc. Philippines:
Name of publisher, distributor, etc. The International Rice Research Institution,
Date of publication, distribution, etc. 1985.
300 ## - PHYSICAL DESCRIPTION
Extent ii, 61 p. :
Dimensions 23 cm.
504 ## - BIBLIOGRAPHY, ETC. NOTE
Bibliography, etc Includes bibliography.
590 ## - Name of Cataloguer
Name of Cataloger roy
650 ## - SUBJECT ADDED ENTRY--TOPICAL TERM
Topical term or geographic name as entry element Rice plant
Form subdivision photoperiod
700 ## - ADDED ENTRY--PERSONAL NAME
Personal name Vergara, B. S.
700 ## - ADDED ENTRY--PERSONAL NAME
Personal name Chang, T. T.
942 ## - ADDED ENTRY ELEMENTS (KOHA)
Source of classification or shelving scheme Dewey Decimal Classification
Koha item type Book
Holdings
Withdrawn status Lost status Source of classification or shelving scheme Damaged status Not for loan Collection code Home library Branch Name Shelving location Date acquired Total Checkouts Full call number Barcode Date last seen Price effective from Koha item type
    Dewey Decimal Classification   Not For Loan Reference SAU Library SAU Library Reference 26/08/2003   633.1802 FLO 30920 15/01/2015 15/01/2015 Book